000 02359nam a2200193Ia 4500
003 Ost
005 20260507075727.0
008 260507s9999||||xx |||||||||||||| ||und||
040 _cfsecg
041 _aara
082 _a342.083
100 _aخالد، هشام
_eمؤلف
245 0 _aالمركز القانوني لمتعدد الجنسية مع اشارة خاصة لحق المصري متعدد الجنسية في الترشيح ... /
_c هشام خالد
260 _aالاسكندرية:
_bدار الفكر الجامعي,
_c2001
300 _a429 صفحة؛
_c24 سم
520 _aفي هذا الكتاب : مقدمة : المبحث الأول : ظاهرة تعدد الجنسيات وأسباب نشاتها : المطلب الأول : المقصود بظاهرة تعدد الجنسيات : المطلب الثانى : اسباب نشاة ظاهرى تعدد الجنسيات : مبدا حرية الدولة وتنظيم جنسياتها : اسباب التعدد المعاصر للميلاد : اسباب التعد اللاحق للميلاد-المبحث الثانى : المركز القانونى : لمتعدد الجنسية فى نطاق القانون القضائة الخاص الدولى : اولً: الجنسية المصرية هى احدى الجنسيات المتناوع فيها : الجنسية المصرية ليست احدى الجنسيات المتنازع فيها : الاتجاه الأول : الاتجاه الثانى : الاتجاه الثالث : الاتجاه الرابع : الاتجاه الخامس-المبحث الثالث : المركز القانونى لمتعدد الجنسية فى نطاق تنازع القوانين : المطلب الاول : جنسية دولة القاضى من بين الجنسيات المتراكمة : الاتجاه الاول : ترجيح جنسية دولة القاضى دائما : اعتناق التشريعات المختلفة للحل السابق : المطلب الثانى : جنسية دولة القاضى ليست من بين الجنسيات المتراكمة المعايير المقترحة للترجيح –المبحث الرابع : المركز القانونى لمتعدد الجنسية فى نطاق التمتع بالحقوق والتحمل
653 _aالجنسية -قوانين وتشريعات
942 _cكتاب
999 _c45991
_d45991